Strzelcy na MŚ 1954 - Statystyki

Ogólne statystyki
  • Ten quiz został rozwiązany 3 razy
  • Średni wynik to 9 z 16
Statystyki odpowiedzi
Narodowość Klub # Nazwisko % Poprawnych
Czechosłowacja nikt nie strzelił 0 Czechosłowacja
100%
Korea Południowa nikt nie strzelił 0 Korea Południowa
100%
Szkocja nikt nie strzelił 0 Szkocja
100%
Szwajcaria FC Basel 6 Josef Hügi
67%
Niemcy (RFN) 1. FC Nürnberg 6 Max Morlock
67%
Francja Stade de Reims/Lille OSC 1 Raymond Kopaszewski/Jean Vincent
67%
Węgry Budapest Honvéd 11 Sándor Kocsis
67%
Turcja Fenerbahçe/Galatasaray 3 Burhan Sargun/Suat Mamat
33%
Urugwaj Peñarol 4 Carlos Borges
33%
Brazylia Fluminense/Portuguesa/Vasco da Gama 2 Didi/Julinho/Pinga
33%
Austria Rapid Wiedeń 6 Erich Probst
33%
Włochy Juventus/AC Milan/AS Roma/Inter 1 Giampiero Boniperti/Amleto Frignani/Carlo Galli/Benito Lorenzi/Fulvio Nesti/Egisto Pandolfini
33%
Belgia RFC Liège 3 Léopold Anoul
33%
Jugosławia FK Partizan 1 Miloš Milutinović/Branko Zebec
33%
Anglia Bolton Wanderers 3 Nat Lofthouse
33%
Meksyk Guadalajara/Necaxa 1 Tomás Balcázar/José Luis Lamadrid
33%
Nie znaleziono quizów pasujących do podanych kryteriów
Rozkład punktacji
Procent ludzi z każdym wynikiem
Percentyl według liczby udzielonych odpowiedzi
Twoja historia wyników
Nie rozwiązałeś tego quizu